[Event "AUT-chT2O 2223"]
[Site "Austria"]
[Date "2022.12.03"]
[Round "5.6"]
[White "Zanon, Magnus"]
[Black "Wagner, Stefan"]
[Result "0-1"]
[WhiteElo "2042"]
[BlackElo "2145"]
[PlyCount "58"]
[EventDate "2022.10.15"]
[EventType "team-tourn"]
[EventRounds "11"]
[EventCountry "AUT"]
[SourceTitle "CBM 213 Extra"]
[Source "ChessBase"]
[SourceDate "2023.05.31"]
[SourceVersion "1"]
[SourceVersionDate "2023.05.31"]
[SourceQuality "1"]
[WhiteTeam "Tschaturanga"]
[BlackTeam "Hietzing"]
[WhiteTeamCountry "AUT"]
[BlackTeamCountry "AUT"]

1. d4 c5 2. d5 e5 3. e4 d6 4. Nf3 a6 5. a4 Bg4 6. Be2 Be7 7. Nfd2 Bxe2 8. Qxe2 Bg5 9. 0-0 Ne7 10. Nc4 Bxc1 11. Rxc1 0-0 12. a5 f5 13. Nb6 Ra7 14. Nd2 Nd7 15. Ndc4 Nxb6 16. Nxb6 Nc8 17. Nc4 b5 18. axb6 Nxb6 19. Na5 Raf7 20. Nc6 Qh4 21. Rxa6 fxe4 22. Rxb6 Rxf2 23. Qe1 Qg5 24. g3 R8f3 25. Rb8+ Kf7 26. Kh1 Qh6 27. Qg1 Rxh2+ 28. Qxh2 Qxc1+ 29. Kg2 Qf1# 0-1

[Event "Niederoesterreich Landesliga 1819"]
[Site "Austria"]
[Date "2019.02.17"]
[Round "8.2"]
[White "Wagner, Stefan"]
[Black "Ganaus, Hannes"]
[Result "0-1"]
[WhiteElo "2146"]
[BlackElo "2290"]
[PlyCount "63"]
[EventDate "2018.09.30"]
[EventType "team-tourn"]
[EventRounds "11"]
[EventCountry "AUT"]
[SourceTitle "CBM 189 Extra"]
[Source "ChessBase"]
[SourceDate "2019.06.03"]
[SourceVersion "1"]
[SourceVersionDate "2019.06.03"]
[SourceQuality "1"]
[WhiteTeam "Litschau/Eisgarn"]
[BlackTeam "Poechlarn"]
[WhiteTeamCountry "AUT"]
[BlackTeamCountry "AUT"]

1. c4 e5 2. g3 Nc6 3. Bg2 f5 4. Nc3 Nf6 5. d3 Bb4 6. Bd2 0-0 7. e3 Bxc3 8. Bxc3 d5 9. cxd5 Nxd5 10. d4 e4 11. h4 Be6 12. Ne2 Qd7 13. Qd2 a5 14. 0-0 Bf7 15. Rae1 Rfe8 16. Nc1 Qd6 17. Kh2 Nf6 18. f3 Bd5 19. f4 Bf7 20. Bh3 Qd5 21. Qd1 Bh5 22. Qb3 Bg4 23. Qxd5+ Nxd5 24. Bxg4 fxg4 25. Bd2 Nce7 26. Nb3 b6 27. Rc1 Rac8 28. Rc4 Kf7 29. Kg2 Ke6 30. Na1 h6 31. Nc2 Nf5 32. Na3 0-1

[Event "Niederoesterreich Landesliga 1718"]
[Site "Austria"]
[Date "2018.04.15"]
[Round "11.2"]
[White "Wagner, Stefan"]
[Black "Groetz, Harald"]
[Result "1/2-1/2"]
[WhiteElo "2150"]
[BlackElo "2335"]
[PlyCount "93"]
[EventDate "2017.10.01"]
[EventType "team-tourn"]
[EventRounds "11"]
[EventCountry "AUT"]
[SourceTitle "EXT 2021"]
[Source "ChessBase"]
[SourceDate "2020.10.23"]
[SourceVersion "1"]
[SourceVersionDate "2020.10.23"]
[SourceQuality "1"]
[WhiteTeam "Litschau/Eisgarn"]
[BlackTeam "Stockerau"]
[WhiteTeamCountry "AUT"]
[BlackTeamCountry "AUT"]

1. c4 e5 2. g3 Nc6 3. Bg2 g6 4. Nc3 Bg7 5. e4 d6 6. d3 Nge7 7. Nge2 0-0 8. 0-0 Be6 9. Nd5 f5 10. Be3 Qd7 11. Qd2 Rf7 12. Rad1 f4 13. gxf4 Bh3 14. f3 Raf8 15. d4 Nxd5 16. cxd5 Nxd4 17. Nxd4 exd4 18. Bxd4 Bxd4+ 19. Qxd4 Rxf4 20. Qe3 Bxg2 21. Kxg2 Qe7 22. Rf2 Qg5+ 23. Kh1 Qf6 24. Rdf1 b6 25. Qc3 Qxc3 26. bxc3 Kg7 27. Kg2 Kf6 28. Kg3 g5 29. h3 Ke5 30. Rb1 h5 31. Rh1 a5 32. a4 R8f7 33. Kg2 Rg7 34. Kg3 Rg8 35. Rd2 Rf7 36. Re2 Rgf8 37. Rf2 Rf4 38. Kg2 Kf6 39. Kg3 Kg6 40. Rhf1 Re8 41. Rh1 Rf7 42. Re2 Rfe7 43. Rg1 Re5 44. Kf2 Rf8 45. Ke3 Rf4 46. Reg2 Kh6 47. Ke2 1/2-1/2

[Event "Niederoesterreich Landesliga 1718"]
[Site "Austria"]
[Date "2018.02.18"]
[Round "8.1"]
[White "Wagner, Stefan"]
[Black "Weinzettl, Ernst"]
[Result "1/2-1/2"]
[WhiteElo "2150"]
[BlackElo "2278"]
[PlyCount "61"]
[EventDate "2017.10.01"]
[EventType "team-tourn"]
[EventRounds "11"]
[EventCountry "AUT"]
[SourceTitle "EXT 2019"]
[Source "ChessBase"]
[SourceDate "2018.10.10"]
[SourceVersion "1"]
[SourceVersionDate "2018.10.10"]
[SourceQuality "1"]
[WhiteTeam "Litschau/Eisgarn"]
[BlackTeam "Poechlarn"]
[WhiteTeamCountry "AUT"]
[BlackTeamCountry "AUT"]

1. c4 e6 2. g3 d5 3. Bg2 c5 4. Nf3 Nc6 5. cxd5 exd5 6. d4 c4 7. 0-0 Bb4 8. b3 cxb3 9. axb3 Nge7 10. Ba3 Bxa3 11. Rxa3 Qd6 12. Qc1 0-0 13. Nc3 Bg4 14. Nb5 Qf6 15. Qc5 a6 16. Nc3 Rfd8 17. Rd1 Rac8 18. b4 Qe6 19. Qb6 Bxf3 20. exf3 Qd6 21. Rb3 Qg6 22. b5 axb5 23. Nxb5 Rb8 24. f4 h6 25. Re3 Nf5 26. Ree1 Qf6 27. Nc7 Nfe7 28. h4 Rd6 29. Nb5 Rdd8 30. Nc7 Rd6 31. Nb5 1/2-1/2

[Event "Baden-ch U1700"]
[Site "Walldorf"]
[Date "2017.07.29"]
[Round "5"]
[White "Fellinger, Norman"]
[Black "Wagner, Stefan"]
[Result "1/2-1/2"]
[WhiteElo "1563"]
[BlackElo "1626"]
[PlyCount "42"]
[EventDate "2017.07.26"]
[EventType "swiss"]
[EventRounds "7"]
[EventCountry "GER"]
[SourceTitle "EXT 2018"]
[Source "ChessBase"]
[SourceDate "2017.10.13"]
[SourceVersion "1"]
[SourceVersionDate "2017.10.13"]
[SourceQuality "1"]

1. c4 e5 2. Nc3 Nf6 3. g3 Be7 4. Bg2 0-0 5. Nf3 d6 6. 0-0 c6 7. Qc2 Be6 8. d3 Nbd7 9. Ng5 Bf5 10. e4 Bg6 11. Nh3 Rc8 12. a4 a5 13. f4 h6 14. f5 Bh5 15. Bf3 Qb6+ 16. Kh1 Bg4 17. Bxg4 Nxg4 18. Qe2 Ndf6 19. Nf2 Nxf2+ 20. Qxf2 Qxf2 21. Rxf2 Rfd8 1/2-1/2

[Event "Niederoesterreich Landesliga 1516"]
[Site "Austria"]
[Date "2016.04.03"]
[Round "11.1"]
[White "Gasa, Andrej"]
[Black "Wagner, Stefan"]
[Result "1/2-1/2"]
[WhiteElo "2298"]
[BlackElo "2147"]
[PlyCount "73"]
[EventDate "2015.09.27"]
[EventType "team-tourn"]
[EventRounds "11"]
[EventCountry "AUT"]
[SourceTitle "EXT 2017"]
[Source "ChessBase"]
[SourceDate "2016.10.25"]
[SourceVersion "1"]
[SourceVersionDate "2016.10.25"]
[SourceQuality "1"]
[WhiteTeam "Mistelbach"]
[BlackTeam "Litschau/Eisgarn"]
[WhiteTeamCountry "AUT"]
[BlackTeamCountry "AUT"]

1. e4 d5 2. exd5 Qxd5 3. Nc3 Qa5 4. d4 Nf6 5. Nf3 c6 6. Bd2 Bf5 7. Ne4 Qc7 8. Nxf6+ gxf6 9. g3 e6 10. Bg2 Nd7 11. 0-0 0-0-0 12. Nh4 Bg6 13. Nxg6 hxg6 14. c4 Nb6 15. Ba5 Rh5 16. d5 c5 17. a3 Bd6 18. Qe2 e5 19. b4 Rdh8 20. h3 f5 21. Rfd1 e4 22. Rac1 Rd8 23. bxc5 Bxc5 24. Bb4 Rhh8 25. Kf1 Rhe8 26. h4 Kb8 27. Rc2 Qd6 28. Rb1 Nd7 29. Rcb2 Bxb4 30. Rxb4 Nc5 31. Qe3 Re7 32. Kg1 Nd3 33. R4b3 Nc5 34. Rb5 Rc7 35. Bf1 Rh8 36. Qd4 f6 37. R1b4 1/2-1/2

[Event "Niederoesterreich Landesliga 1516"]
[Site "Austria"]
[Date "2016.03.13"]
[Round "10.1"]
[White "Wagner, Stefan"]
[Black "Sandhoefner, Florian"]
[Result "1/2-1/2"]
[WhiteElo "2147"]
[BlackElo "2301"]
[PlyCount "30"]
[EventDate "2015.09.27"]
[EventType "team-tourn"]
[EventRounds "11"]
[EventCountry "AUT"]
[SourceTitle "EXT 2017"]
[Source "ChessBase"]
[SourceDate "2016.10.25"]
[SourceVersion "1"]
[SourceVersionDate "2016.10.25"]
[SourceQuality "1"]
[WhiteTeam "Litschau/Eisgarn"]
[BlackTeam "Amstetten"]
[WhiteTeamCountry "AUT"]
[BlackTeamCountry "AUT"]

1. c4 Nf6 2. g3 c6 3. Bg2 d5 4. cxd5 cxd5 5. Nf3 Nc6 6. d4 Bf5 7. Nc3 e6 8. 0-0 h6 9. Qb3 Rb8 10. Bf4 Bd6 11. Rfc1 0-0 12. Bxd6 Qxd6 13. h3 Rfc8 14. Na4 Na5 15. Qd1 Qb4 1/2-1/2

[Event "AUT-chT2O 1516"]
[Site "Austria"]
[Date "2016.03.05"]
[Round "7.5"]
[White "Wagner, Stefan"]
[Black "Hechl, Gerald"]
[Result "0-1"]
[WhiteElo "2145"]
[BlackElo "2205"]
[PlyCount "70"]
[EventDate "2015.10.17"]
[EventType "team-tourn"]
[EventRounds "11"]
[EventCountry "AUT"]
[SourceTitle "EXT 2017"]
[Source "ChessBase"]
[SourceDate "2016.10.25"]
[SourceVersion "1"]
[SourceVersionDate "2016.10.25"]
[SourceQuality "1"]
[WhiteTeam "Hietzing"]
[BlackTeam "Pressbaum"]
[WhiteTeamCountry "AUT"]
[BlackTeamCountry "AUT"]

1. Nf3 b5 2. g3 Bb7 3. Bg2 Nf6 4. 0-0 e6 5. d3 d5 6. Nbd2 Be7 7. e4 c5 8. Re1 Nc6 9. e5 Nd7 10. h4 Qc7 11. Qe2 0-0 12. c3 a5 13. Nf1 b4 14. Bf4 a4 15. a3 bxa3 16. bxa3 Rab8 17. c4 Na5 18. N1d2 dxc4 19. Nxc4 Nb3 20. Ra2 Nb6 21. Nfd2 Nd4 22. Qg4 Nxc4 23. Nxc4 Bxg2 24. Kxg2 Qc6+ 25. f3 Qd5 26. Bg5 Bxg5 27. hxg5 Rb3 28. Rd2 Nf5 29. Qe4 Rd8 30. Red1 Qd4 31. Qxd4 Rxd4 32. Kf2 Kf8 33. g4 Ne7 34. Rb2 Rxc4 35. Rxb3 Rc2+ 0-1

[Event "Niederoesterreich Landesliga 1516"]
[Site "Austria"]
[Date "2016.01.24"]
[Round "7.1"]
[White "Matt, Fabian"]
[Black "Wagner, Stefan"]
[Result "1-0"]
[WhiteElo "2258"]
[BlackElo "2147"]
[PlyCount "127"]
[EventDate "2015.09.27"]
[EventType "team-tourn"]
[EventRounds "11"]
[EventCountry "AUT"]
[SourceTitle "CBM 170 Extra"]
[Source "ChessBase"]
[SourceDate "2016.02.25"]
[SourceVersion "1"]
[SourceVersionDate "2016.02.25"]
[SourceQuality "1"]
[WhiteTeam "Bisamberg/Korneuburg"]
[BlackTeam "Litschau/Eisgarn"]
[WhiteTeamCountry "AUT"]
[BlackTeamCountry "AUT"]

1. d4 Nf6 2. c4 c5 3. Nf3 cxd4 4. Nxd4 Nc6 5. Nc3 g6 6. e4 Bg7 7. Be3 0-0 8. Be2 d6 9. 0-0 Bd7 10. Rc1 Nxd4 11. Bxd4 Bc6 12. f3 Nd7 13. Bxg7 Kxg7 14. Qd4+ Kg8 15. b4 Qb6 16. Qxb6 Nxb6 17. c5 dxc5 18. bxc5 Nd7 19. Nd5 Rae8 20. Rfd1 e6 21. Nb4 Ba4 22. Rd3 Bb5 23. Rd6 Bxe2 24. Rxd7 a5 25. Nc2 Ba6 26. Ne3 Rd8 27. Rd6 Rc8 28. e5 Rc7 29. Ng4 Rfc8 30. Nf6+ Kg7 31. Ne4 Rc6 32. Rd7 R6c7 33. Rxc7 Rxc7 34. Rd1 Bc4 35. Rd8 Bxa2 36. g4 g5 37. h4 f5 38. exf6+ Kf7 39. hxg5 e5 40. Nd6+ Kg6 41. Ne4 a4 42. Ra8 Bd5 43. Kf2 a3 44. Nc3 Be6 45. Rxa3 Kxg5 46. Ne4+ Kg6 47. Rd3 h6 48. Kg3 Ba2 49. Rd8 Bb1 50. Rg8+ Kh7 51. Re8 Bxe4 52. fxe4 Kg6 53. Rxe5 Kxf6 54. Rh5 Kg6 55. Kf4 Re7 56. Rf5 Re6 57. Rd5 Rf6+ 58. Ke3 Rf7 59. Kd4 Re7 60. Rf5 Rd7+ 61. Kc4 Rd1 62. e5 Rg1 63. Rf4 Re1 64. Kd5 1-0

[Event "Niederoesterreich Landesliga 1516"]
[Site "Austria"]
[Date "2016.01.17"]
[Round "6.1"]
[White "Wagner, Stefan"]
[Black "Theissl Pokorna, Regina"]
[Result "1/2-1/2"]
[WhiteElo "2147"]
[BlackElo "2362"]
[PlyCount "105"]
[EventDate "2015.09.27"]
[EventType "team-tourn"]
[EventRounds "11"]
[EventCountry "AUT"]
[SourceTitle "CBM 170 Extra"]
[Source "ChessBase"]
[SourceDate "2016.02.25"]
[SourceVersion "1"]
[SourceVersionDate "2016.02.25"]
[SourceQuality "1"]
[WhiteTeam "Litschau/Eisgarn"]
[BlackTeam "Bad Voeslau/Kottingbrunn"]
[WhiteTeamCountry "AUT"]
[BlackTeamCountry "AUT"]

1. c4 e6 2. g3 d5 3. Nf3 Nf6 4. Bg2 dxc4 5. Qa4+ Nbd7 6. Qxc4 a6 7. d4 b5 8. Qc2 Bb7 9. 0-0 c5 10. a4 b4 11. Bg5 Rc8 12. dxc5 Bxc5 13. Bxf6 Nxf6 14. Qb3 a5 15. Nbd2 Be7 16. Rac1 0-0 17. Qe3 Nd5 18. Qd3 Nb6 19. Qxd8 Rfxd8 20. Nb3 Rxc1 21. Rxc1 Rc8 22. Rxc8+ Bxc8 23. Nxa5 Nxa4 24. b3 Nc3 25. e3 f6 26. Nd4 e5 27. Nac6 Bf8 28. Nc2 Be6 29. N2xb4 Bxb3 30. Kf1 g5 31. Ke1 Kg7 32. f4 exf4 33. exf4 gxf4 34. gxf4 Bd6 35. Kd2 Nb5 36. Ke3 Na7 37. Nd3 Nxc6 38. Bxc6 f5 39. Bd7 Kf6 40. Bb5 Bd5 41. Be8 Be4 42. Bb5 Bc7 43. Kf2 Bb6+ 44. Kg3 Ba5 45. Bc4 Bc3 46. Kf2 Bd4+ 47. Kg3 Ke7 48. Ne5 Bc3 49. Nf3 h6 50. Be2 Bb4 51. Bc4 Bc3 52. Be2 Bb4 53. Bc4 1/2-1/2

[Event "Niederoesterreich Landesliga 1516"]
[Site "Austria"]
[Date "2015.11.08"]
[Round "3.1"]
[White "Wagner, Stefan"]
[Black "Lendwai, Reinhard"]
[Result "0-1"]
[WhiteElo "2147"]
[BlackElo "2359"]
[PlyCount "116"]
[EventDate "2015.09.27"]
[EventType "team-tourn"]
[EventRounds "11"]
[EventCountry "AUT"]
[SourceTitle "CBM 170 Extra"]
[Source "ChessBase"]
[SourceDate "2016.02.25"]
[SourceVersion "1"]
[SourceVersionDate "2016.02.25"]
[SourceQuality "1"]
[WhiteTeam "Litschau/Eisgarn"]
[BlackTeam "Baden Invest II"]
[WhiteTeamCountry "AUT"]
[BlackTeamCountry "AUT"]

1. b4 c6 2. Bb2 Qb6 3. a3 a5 4. Nf3 axb4 5. Bd4 Qc7 6. axb4 Rxa1 7. Bxa1 d6 8. e3 e5 9. c4 Nf6 10. Nc3 Be7 11. d3 d5 12. Qb3 Qb6 13. Nxe5 Qxb4 14. Qxb4 Bxb4 15. Kd1 dxc4 16. dxc4 0-0 17. Bd3 Re8 18. Nf3 Nbd7 19. Ke2 Nc5 20. Bc2 Be6 21. Nd2 Nfd7 22. Rb1 Ba5 23. Nce4 Nxe4 24. Bxe4 Bxd2 25. Kxd2 Bxc4 26. Bf3 Ba6 27. Bd4 Rd8 28. Kc2 h6 29. Rb2 Re8 30. h3 Ne5 31. Bxe5 Rxe5 32. Kc3 Kf8 33. Kd4 Ra5 34. g3 Ke7 35. h4 Kd6 36. g4 f6 37. Ke4 Re5+ 38. Kf4 Rb5 39. Rd2+ Ke6 40. Be4 Ke7 41. Bf5 Rd5 42. Rxd5 cxd5 43. g5 hxg5+ 44. hxg5 Bc4 45. Bb1 Ke6 46. Bf5+ Ke7 47. Bb1 b5 48. Kf5 Kf7 49. Kf4 b4 50. Kf5 b3 51. Kf4 Be2 52. gxf6 gxf6 53. e4 d4 54. e5 fxe5+ 55. Ke4 Bh5 56. Kxe5 Bg6 57. Kxd4 Bxb1 58. Kc3 Bc2 0-1

[Event "Niederoesterreich Landesliga 1516"]
[Site "Austria"]
[Date "2015.10.04"]
[Round "2.1"]
[White "Froewis, Georg"]
[Black "Wagner, Stefan"]
[Result "1-0"]
[WhiteElo "2434"]
[BlackElo "2147"]
[PlyCount "59"]
[EventDate "2015.09.27"]
[EventType "team-tourn"]
[EventRounds "11"]
[EventCountry "AUT"]
[SourceTitle "CBM 170 Extra"]
[Source "ChessBase"]
[SourceDate "2016.02.25"]
[SourceVersion "1"]
[SourceVersionDate "2016.02.25"]
[SourceQuality "1"]
[WhiteTeam "Krems Voest"]
[BlackTeam "Litschau/Eisgarn"]
[WhiteTeamCountry "AUT"]
[BlackTeamCountry "AUT"]

1. Nf3 Nf6 2. c4 c5 3. e3 e6 4. d4 d5 5. Nc3 Nc6 6. cxd5 exd5 7. Bb5 cxd4 8. Nxd4 Bd7 9. 0-0 Bd6 10. Be2 a6 11. Bf3 Be6 12. Nxe6 fxe6 13. g3 0-0 14. b3 Qe7 15. Bg2 Rad8 16. Bb2 Ba3 17. Qc1 Bxb2 18. Qxb2 e5 19. Rad1 d4 20. exd4 exd4 21. Ne2 d3 22. Nf4 Ne5 23. Rfe1 Rfe8 24. Qc3 Qd6 25. Bxb7 g5 26. Nxd3 Nxd3 27. Rxe8+ Nxe8 28. Be4 Nf6 29. Qxd3 Nxe4 30. Qc4+ 1-0

[Event "Niederoesterreich Landesliga 1415"]
[Site "Austria"]
[Date "2015.03.15"]
[Round "10.1"]
[White "Teuber, Andreas"]
[Black "Wagner, Stefan"]
[Result "1/2-1/2"]
[WhiteElo "2176"]
[BlackElo "2121"]
[PlyCount "31"]
[EventDate "2014.10.05"]
[EventType "team-tourn"]
[EventRounds "11"]
[EventCountry "AUT"]
[SourceTitle "EXT 2016"]
[Source "ChessBase"]
[SourceDate "2015.10.08"]
[SourceVersion "1"]
[SourceVersionDate "2015.10.08"]
[SourceQuality "1"]
[WhiteTeam "Mistelbach"]
[BlackTeam "Litschau/Eisgarn"]
[WhiteTeamCountry "AUT"]
[BlackTeamCountry "AUT"]

1. d4 Nf6 2. c4 c5 3. d5 b5 4. Nd2 Qa5 5. Qc2 bxc4 6. e4 Ba6 7. Bxc4 d6 8. Ne2 Bxc4 9. Qxc4 g6 10. 0-0 Bg7 11. f4 Qa6 12. Nc3 Qxc4 13. Nxc4 Nbd7 14. h3 Nb6 15. Ne3 Nfd7 16. Bd2 1/2-1/2

[Event "Niederoesterreich Landesliga 1415"]
[Site "Austria"]
[Date "2015.03.01"]
[Round "9.1"]
[White "Wagner, Stefan"]
[Black "Rumpl, Erwin"]
[Result "1-0"]
[WhiteElo "2121"]
[BlackElo "2314"]
[PlyCount "191"]
[EventDate "2014.10.05"]
[EventType "team-tourn"]
[EventRounds "11"]
[EventCountry "AUT"]
[SourceTitle "EXT 2016"]
[Source "ChessBase"]
[SourceDate "2015.10.08"]
[SourceVersion "1"]
[SourceVersionDate "2015.10.08"]
[SourceQuality "1"]
[WhiteTeam "Litschau/Eisgarn"]
[BlackTeam "Amstetten"]
[WhiteTeamCountry "AUT"]
[BlackTeamCountry "AUT"]

1. Nf3 Nf6 2. d4 e6 3. g3 d5 4. Bg2 Be7 5. 0-0 0-0 6. Nbd2 b5 7. a4 b4 8. c4 bxc3 9. bxc3 Ba6 10. Re1 c5 11. e4 Nc6 12. Ne5 Na5 13. exd5 Nxd5 14. dxc5 Nxc3 15. Qf3 Nd5 16. Ba3 Rc8 17. Rac1 Bb7 18. Ne4 f6 19. Nc4 Nxc4 20. Rxc4 f5 21. Qb3 Ba6 22. Nc3 Bxc4 23. Qxc4 Nxc3 24. Rxe6 Kh8 25. Qxc3 Bf6 26. Qc2 Qd4 27. c6 Qa1+ 28. Qc1 Qxc1+ 29. Bxc1 Rfe8 30. Rxe8+ Rxe8 31. Be3 a6 32. c7 Be5 33. Bb6 Bd6 34. Kf1 f4 35. Bc6 Rg8 36. Bb7 Bxc7 37. Bxc7 fxg3 38. hxg3 a5 39. Bxa5 Rb8 40. Bc6 Rb1+ 41. Kg2 h5 42. Bd8 Rd1 43. Bg5 Ra1 44. Kf3 Kh7 45. Bd2 Ra2 46. Ke2 g5 47. a5 h4 48. gxh4 gxh4 49. Be4+ Kg7 50. Bd5 Ra4 51. Bg2 Ra3 52. f3 Kf6 53. Bh3 Ke5 54. Bc8 Kd4 55. a6 h3 56. Bxh3 Rxa6 57. Be3+ Ke5 58. f4+ Ke4 59. Bg2+ Kf5 60. Kf3 Ra4 61. Bh3+ Kf6 62. Bd7 Rc4 63. Bf2 Rc7 64. Bh4+ Kg6 65. Be8+ Kf5 66. Bf2 Rb7 67. Bc6 Rb3+ 68. Be3 Rb4 69. Bd7+ Kf6 70. Kg4 Rc4 71. Bf2 Rc7 72. Bh4+ Kf7 73. Bf5 Rc5 74. Kg5 Rb5 75. Bf2 Rd5 76. Bb6 Ke7 77. Bc7 Rd1 78. Bg4 Rg1 79. f5 Kf7 80. Be5 Rg2 81. f6 Rg1 82. Kf5 Rf1+ 83. Kg5 Rg1 84. Bd4 Rg2 85. Kf5 Rh2 86. Bf3 Rc2 87. Bh5+ Kf8 88. Be3 Rc7 89. Bh6+ Kg8 90. Bf3 Ra7 91. Bd5+ Kh7 92. Bf4 Ra5 93. Ke6 Ra6+ 94. Bd6 Ra1 95. f7 Re1+ 96. Kd7 1-0

[Event "Niederoesterreich Landesliga 1415"]
[Site "Austria"]
[Date "2015.02.15"]
[Round "8.1"]
[White "Zwettler, Martin"]
[Black "Wagner, Stefan"]
[Result "1/2-1/2"]
[WhiteElo "2206"]
[BlackElo "2121"]
[PlyCount "42"]
[EventDate "2014.10.05"]
[EventType "team-tourn"]
[EventRounds "11"]
[EventCountry "AUT"]
[SourceTitle "EXT 2016"]
[Source "ChessBase"]
[SourceDate "2015.10.08"]
[SourceVersion "1"]
[SourceVersionDate "2015.10.08"]
[SourceQuality "1"]
[WhiteTeam "Zwettl II"]
[BlackTeam "Litschau/Eisgarn"]
[WhiteTeamCountry "AUT"]
[BlackTeamCountry "AUT"]

1. d4 g6 2. e4 Bg7 3. Nc3 c5 4. dxc5 Qa5 5. Bd2 Qxc5 6. Nd5 Na6 7. Nf3 e6 8. Bc3 Bxc3+ 9. Nxc3 Nf6 10. e5 Ng4 11. Qe2 f5 12. h3 Nh6 13. 0-0-0 Nc7 14. Ng5 0-0 15. f4 b5 16. Kb1 Rb8 17. Qd2 b4 18. Na4 Qa5 19. b3 Nd5 20. Bc4 Bb7 21. Rh2 Rfc8 1/2-1/2

[Event "Niederoesterreich Landesliga 1415"]
[Site "Austria"]
[Date "2014.11.30"]
[Round "5.1"]
[White "Wagner, Stefan"]
[Black "Groetz, Harald"]
[Result "1/2-1/2"]
[WhiteElo "2121"]
[BlackElo "2312"]
[PlyCount "52"]
[EventDate "2014.10.05"]
[EventType "team-tourn"]
[EventRounds "11"]
[EventCountry "AUT"]
[SourceTitle "EXT 2016"]
[Source "ChessBase"]
[SourceDate "2015.10.08"]
[SourceVersion "1"]
[SourceVersionDate "2015.10.08"]
[SourceQuality "1"]
[WhiteTeam "Litschau/Eisgarn"]
[BlackTeam "Stockerau II"]
[WhiteTeamCountry "AUT"]
[BlackTeamCountry "AUT"]

1. c4 e5 2. g3 Nc6 3. Bg2 g6 4. Nc3 Bg7 5. e4 d6 6. Nge2 Be6 7. d3 Qd7 8. Nd5 Nce7 9. Be3 c6 10. Nxe7 Nxe7 11. 0-0 Bh3 12. Qd2 h5 13. d4 h4 14. Nc3 Bxg2 15. Kxg2 hxg3 16. hxg3 Qh3+ 17. Kf3 f5 18. exf5 Qh5+ 19. Kg2 e4 20. Nxe4 Qh3+ 21. Kf3 gxf5 22. Ng5 Qh5+ 23. Kg2 Qh2+ 24. Kf3 Qh5+ 25. Kg2 Qh2+ 26. Kf3 Qh5+ 1/2-1/2

[Event "AUT-chT2O 1314"]
[Site "Austria"]
[Date "2013.11.23"]
[Round "3.4"]
[White "Wagner, Stefan"]
[Black "Gratze, Michael"]
[Result "0-1"]
[WhiteElo "2178"]
[BlackElo "1982"]
[PlyCount "74"]
[EventDate "2013.10.05"]
[EventType "team-tourn"]
[EventRounds "11"]
[EventCountry "AUT"]
[SourceTitle "CBM 157 Extra"]
[Source "ChessBase"]
[SourceDate "2013.12.19"]
[SourceVersion "1"]
[SourceVersionDate "2013.12.19"]
[SourceQuality "1"]
[WhiteTeam "Zwettl"]
[BlackTeam "Poechlarn"]
[WhiteTeamCountry "AUT"]
[BlackTeamCountry "AUT"]

1. c4 Nf6 2. g3 g6 3. Bg2 Bg7 4. Nc3 0-0 5. e4 d6 6. Nge2 c5 7. a3 Nc6 8. Rb1 a5 9. d3 Bg4 10. f3 Bd7 11. 0-0 Ne8 12. Be3 Nc7 13. Nd5 Nxd5 14. exd5 Nd4 15. Nxd4 cxd4 16. Bf2 a4 17. b4 axb3 18. Qxb3 Qc8 19. Rfe1 Bf6 20. Re2 Qc5 21. Ra2 Ra7 22. Be1 Ba4 23. Qb2 Rb8 24. Bb4 Qc8 25. Rc1 b6 26. f4 Rc7 27. Bd2 b5 28. Qb4 Ra8 29. Bf1 bxc4 30. Rxc4 Rxc4 31. dxc4 d3 32. Bxd3 Bd4+ 33. Kg2 Bd7 34. Be2 Rb8 35. Qa5 Bh3+ 36. Kf3 Bb6 37. Qa4 Qg4+ 0-1

[Event "Remote S7E Basic email"]
[Site "Remote email"]
[Date "2013.07.16"]
[Round "?"]
[White "Gottsmann, Lothar"]
[Black "Wagner, Stefan"]
[Result "1/2-1/2"]
[WhiteElo "1948"]
[BlackElo "1994"]
[PlyCount "48"]
[EventDate "2013.??.??"]
[EventType "tourn (corr)"]
[EventRounds "6"]
[EventCountry "GER"]
[SourceTitle "Corr 2015"]
[Source "ChessBase"]
[SourceDate "2015.07.17"]
[SourceVersion "1"]
[SourceVersionDate "2015.07.17"]
[SourceQuality "1"]

1. e4 c5 2. Nf3 Nc6 3. Bb5 e6 4. d4 cxd4 5. Nxd4 a6 6. Bxc6 bxc6 7. Nc3 Bc5 8. Nb3 Bb6 9. 0-0 d5 10. exd5 cxd5 11. Be3 Nf6 12. Bxb6 Qxb6 13. Qd4 Qd6 14. Rfe1 0-0 15. Na4 Nd7 16. Rad1 Bb7 17. Nac5 Nxc5 18. Qxc5 Qxc5 19. Nxc5 Bc6 20. b4 Rfc8 21. Rd2 a5 22. a3 axb4 23. axb4 Ra2 24. h3 Rb8 1/2-1/2

[Event "Remote email"]
[Site "Remote email"]
[Date "2013.06.25"]
[Round "?"]
[White "Scharpf, Lars"]
[Black "Wagner, Stefan"]
[Result "1-0"]
[WhiteElo "1939"]
[BlackElo "1994"]
[PlyCount "81"]
[EventDate "2013.??.??"]
[EventType "tourn (corr)"]
[EventRounds "6"]
[EventCountry "GER"]
[SourceTitle "Corr 2015"]
[Source "ChessBase"]
[SourceDate "2015.07.17"]
[SourceVersion "1"]
[SourceVersionDate "2015.07.17"]
[SourceQuality "1"]

1. d4 e6 2. b3 d5 3. Bb2 g6 4. Nd2 Bg7 5. c4 Nc6 6. cxd5 exd5 7. e3 Nf6 8. g3 0-0 9. Bg2 Re8 10. Ngf3 Bf5 11. 0-0 Nb4 12. Ne5 Nd7 13. Ndf3 Nxe5 14. Nxe5 f6 15. Nf3 Qd7 16. a3 Nd3 17. Bc3 c5 18. Nh4 c4 19. Nxf5 Qxf5 20. bxc4 dxc4 21. Bxb7 Rab8 22. Ba6 Nb2 23. Bxb2 Rxb2 24. Bxc4+ Kh8 25. Bd3 Qa5 26. Qc1 Reb8 27. Qc4 Bf8 28. Qf7 Bg7 29. Ra2 R2b7 30. Qe6 f5 31. Raa1 Qc3 32. Rfd1 Rb6 33. Qd5 Rb3 34. a4 Qc7 35. Rab1 Rxb1 36. Rxb1 Rxb1+ 37. Bxb1 Bf8 38. Ba2 Qg7 39. a5 Bb4 40. Qa8+ Bf8 41. a6 1-0

[Event "Remote S7E Basic-65 email"]
[Site "Remote email"]
[Date "2013.05.15"]
[Round "?"]
[White "Gemassmer, Holger"]
[Black "Wagner, Stefan"]
[Result "0-1"]
[WhiteElo "2000"]
[BlackElo "2044"]
[PlyCount "76"]
[EventDate "2013.??.??"]
[EventType "tourn (corr)"]
[EventRounds "6"]
[EventCountry "GER"]
[SourceTitle "Corr 2015"]
[Source "ChessBase"]
[SourceDate "2015.07.17"]
[SourceVersion "1"]
[SourceVersionDate "2015.07.17"]
[SourceQuality "1"]

1. c4 Nf6 2. d3 g6 3. e4 d6 4. Bf4 Bg7 5. Nc3 0-0 6. Nd5 Nxd5 7. cxd5 Bxb2 8. Rb1 Bg7 9. Qd2 Nd7 10. Nf3 c5 11. dxc6 bxc6 12. Rc1 c5 13. d4 Bb7 14. d5 Nf6 15. Bg5 Nxe4 16. Qd3 Qa5+ 17. Bd2 Nxd2 18. Nxd2 Qxa2 19. Be2 Qxd5 20. Qf3 Qxf3 21. Nxf3 a5 22. 0-0 a4 23. Bc4 a3 24. Rfe1 e6 25. Ng5 d5 26. Ba2 c4 27. Rb1 Bb2 28. Re3 h6 29. Nf3 d4 30. Nxd4 Bxd4 31. Rh3 Bd5 32. Rb4 h5 33. Bb1 a2 34. Bxa2 Rxa2 35. Rb1 Bxf2+ 36. Kf1 Bd4 37. Rg3 Rf2+ 38. Ke1 Rxg2 0-1